| Tag |
First Indicator |
Second Indicator |
Subfields |
| LEADER |
00000cam a2200000 4500 |
| 001 |
in00000038952 |
| 005 |
20151007081413.0 |
| 008 |
741127s1965 eng u |
| 010 |
|
|
|a 65003426
|
| 035 |
|
|
|a (OCoLC)01089390
|
| 035 |
|
|
|9 AAF6331AM
|
| 040 |
|
|
|c WRM
|d TXA
|d UtOrBLW
|
| 049 |
|
|
|a TXAM
|c [463870]
|
| 050 |
0 |
0 |
|a DS126.5
|b .B49
|
| 082 |
0 |
|
|a 320.9569
|
| 092 |
|
|
|a 320.9569
|b B496c
|
| 100 |
1 |
|
|a Berger, Earl.
|
| 245 |
1 |
4 |
|a The covenant and the sword: Arab-Israeli relations, 1948-56.
|
| 264 |
|
1 |
|a London :
|b Routledge & K. Paul,
|c 1965.
|
| 300 |
|
|
|a viii, 245 pages :
|b maps. ;
|c 23 cm.
|
| 336 |
|
|
|a text
|b txt
|2 rdacontent
|
| 337 |
|
|
|a unmediated
|b n
|2 rdamedia
|
| 338 |
|
|
|a volume
|b nc
|2 rdacarrier
|
| 504 |
|
|
|a Bibliography: pages 235-239.
|
| 650 |
|
0 |
|a Jewish-Arab relations.
|
| 999 |
|
|
|a MARS
|
| 999 |
f |
f |
|s 0cb17789-bcee-3665-ac0b-08ac6addc978
|i 31234c10-afba-3c50-9b95-9a75903d6739
|t 0
|
| 952 |
f |
f |
|p ric
|a Texas A&M University
|b Rellis Campus
|c Joint Library Facility
|d Remote Storage
|t 0
|e DS126.5 .B49
|h Library of Congress classification
|i unmediated -- volume
|m A14800660700
|
| 998 |
f |
f |
|a DS126.5 .B49
|t 0
|l Remote Storage
|